ბათუმის შოთა რუსთაველის სახელმწიფო უნივერსიტეტის ბიბლიოთეკა

Лабораторный практикум по болезням рыб (ბიბ.ჩანაწერი № 35109)

000 -LEADER
fixed length control field 00810nam a2200241Ia 4500
001 - CONTROL NUMBER
control field 950
003 - CONTROL NUMBER IDENTIFIER
control field GE_BSU
008 - FIXED-LENGTH DATA ELEMENTS--GENERAL INFORMATION
fixed length control field 181216s||||||||xx |||||||||||||| ||und||
040 ## - CATALOGING SOURCE
Transcribing agency GE_BSU
080 ## - UNIVERSAL DECIMAL CLASSIFICATION NUMBER
Universal Decimal Classification number 597.2/5(072)
245 ## - TITLE STATEMENT
Title Лабораторный практикум по болезням рыб
245 ## - TITLE STATEMENT
Remainder of title Учебное пособие по спец."ихтиология" и "рыбоводство
245 ## - TITLE STATEMENT
Statement of responsibility, etc. Под ред. В.А.Мусселиус
260 ## - PUBLICATION, DISTRIBUTION, ETC.
Place of publication, distribution, etc. Москва
260 ## - PUBLICATION, DISTRIBUTION, ETC.
Name of publisher, distributor, etc. Детская и пищевая промышленность
260 ## - PUBLICATION, DISTRIBUTION, ETC.
Date of publication, distribution, etc. 1983
300 ## - PHYSICAL DESCRIPTION
Extent 296стр.
653 ## - INDEX TERM--UNCONTROLLED
Uncontrolled term ихтиология
653 ## - INDEX TERM--UNCONTROLLED
Uncontrolled term Лабораторный практикум по болезням рыб
653 ## - INDEX TERM--UNCONTROLLED
Uncontrolled term рыбоводство
942 ## - ADDED ENTRY ELEMENTS (KOHA)
Koha item type წიგნი
ეგზემპლარები
Withdrawn status Lost status Damaged status Not for loan Date acquired Barcode Date last seen Price effective from Koha item type
        2018-12-17 1977 2018-12-17 2018-12-17 წიგნი